The Gazetteer of India, Vol.-2, History and Culture : (Record no. 22867)
[ view plain ]
| 000 -LEADER | |
|---|---|
| fixed length control field | 01149cam a22002771 4500 |
| 001 - CONTROL NUMBER | |
| control field | 2168926 |
| 003 - CONTROL NUMBER IDENTIFIER | |
| control field | BDDh-ASL |
| 005 - DATE AND TIME OF LATEST TRANSACTION | |
| control field | 20231015030152.0 |
| 008 - FIXED-LENGTH DATA ELEMENTS--GENERAL INFORMATION | |
| fixed length control field | 811207m19731895ii b b 000 0 eng |
| 010 ## - LIBRARY OF CONGRESS CONTROL NUMBER | |
| LC control number | sa 66006011 |
| Canceled/invalid LC control number | 93237198 |
| 025 ## - OVERSEAS ACQUISITION NUMBER | |
| Overseas acquisition number | PL480:I-E-5587 |
| 040 ## - CATALOGING SOURCE | |
| Original cataloging agency | DLC |
| Transcribing agency | DLC |
| Modifying agency | DLC |
| -- | BDDh-ASL |
| 043 ## - GEOGRAPHIC AREA CODE | |
| Geographic area code | a-ii--- |
| 050 00 - LIBRARY OF CONGRESS CALL NUMBER | |
| Classification number | DS407 |
| Item number | .G337 |
| 082 00 - DEWEY DECIMAL CLASSIFICATION NUMBER | |
| Classification number | 954 |
| Edition number | 19 |
| Item number | ING |
| 245 04 - TITLE STATEMENT | |
| Title | The Gazetteer of India, Vol.-2, History and Culture : |
| Statement of responsibility, etc. | [Compiled by] the Central Gazeteers Unit, Govt. of India. editior Dr. P. N. Chopra |
| 260 ## - PUBLICATION, DISTRIBUTION, ETC. | |
| Place of publication, distribution, etc. | [Delhi] |
| Name of publisher, distributor, etc. | Gazetteers Unit, Department of Culture, Ministry of Education and Social Welfare, |
| Date of publication, distribution, etc. | [1965-78] |
| 300 ## - PHYSICAL DESCRIPTION | |
| Extent | v-2, 807 p. : |
| Other physical details | maps (part fold. col. in pocket) |
| Dimensions | 26 cm. |
| 500 ## - GENERAL NOTE | |
| General note | "Revised version of the Imperial gazetteer of India." |
| 504 ## - BIBLIOGRAPHY, ETC. NOTE | |
| Bibliography, etc. note | Includes bibliographies. |
| 505 0# - FORMATTED CONTENTS NOTE | |
| Formatted contents note | v. 1. Country and people.--v. 2. History and culture.--v. 3. Economic structure and activities.--[4] Administration and public welfare. |
| 651 #0 - SUBJECT ADDED ENTRY--GEOGRAPHIC NAME | |
| Geographic name | India. |
| 710 1# - ADDED ENTRY--CORPORATE NAME | |
| Corporate name or jurisdiction name as entry element | India (Republic). |
| Subordinate unit | Central Gazetteers Unit. |
| 906 ## - LOCAL DATA ELEMENT F, LDF (RLIN) | |
| a | 7 |
| b | cbc |
| c | orignew |
| d | 1 |
| e | ncip |
| f | 19 |
| g | y-gencatlg |
| 942 ## - ADDED ENTRY ELEMENTS (KOHA) | |
| Source of classification or shelving scheme | Dewey Decimal Classification |
| Koha item type | Books |
| Withdrawn status | Lost status | Source of classification or shelving scheme | Damaged status | Not for loan | Collection code | Home library | Current library | Shelving location | Date acquired | Source of acquisition | Serial Enumeration / chronology | Total Checkouts | Full call number | Barcode | Date last seen | Copy number | Price effective from | Koha item type | Public note |
|---|---|---|---|---|---|---|---|---|---|---|---|---|---|---|---|---|---|---|---|
| Dewey Decimal Classification | Not For Loan | Non-fiction | Asiatic Society Library | Asiatic Society Library | General Stacks | 03/06/2021 | Complementary | V-2 | 954 ING | 107196 | 03/06/2021 | C-1 | 03/06/2021 | Books | RARE |